Poly (vinylidene fluoride) (PVDF) based hydrophilic hollow fibre membranes for wastewater treatment /
Saved in:
| Main Author: | |
|---|---|
| Format: | Thesis |
| Language: | English |
| Subjects: | |
| Tags: |
Add Tag
No Tags, Be the first to tag this record!
|
| LEADER | 011050000a22002410004500 | ||
|---|---|---|---|
| 008 | 130910t2012 xxka g m 000 0 eng d | ||
| 040 | |a UIAM |b eng |e rda | ||
| 050 | 4 | |a TD442.5 | |
| 100 | 0 | |a Shameena Banu Kamal Batcha, |e author | |
| 245 | 1 | 0 | |a Poly (vinylidene fluoride) (PVDF) based hydrophilic hollow fibre membranes for wastewater treatment / |c by Shameena Banu Kamal Batcha |
| 300 | |a 67 leaves : |b color illustrations ; |c 30 cm. | ||
| 336 | |2 rdacontent |a text | ||
| 337 | |2 rdamedia |a unmediated | ||
| 338 | |2 rdacarrier |a volume | ||
| 502 | |a Thesis (MSc)--Imperial College London, 2012. | ||
| 504 | |a Includes bibliographical references (leaves 63-66). | ||
| 596 | |a 1 | ||
| 655 | 0 | 7 | |a Theses, IIUM foreign |
| 690 | |a Dissertations, Academic |x Department of Chemical and Chemical Technology |z Imperial College London | ||
| 710 | 2 | |a Imperial College London. |b Department of Chemical and Chemical Technology | |
| 900 | |a rus-hj-nss-mrm | ||
| 999 | |c 437852 |d 469695 | ||
| 952 | |0 0 |6 T TD 000442.5 S528P 2012 |7 0 |8 THESES |9 759095 |a IIUM |b IIUM |c MULTIMEDIA |g 0.00 |o t TD 442.5 S528P 2012 |p 00011293303 |r 2017-10-20 |t 1 |v 0.00 |y THESIS | ||
